Statistical geometry and applications to microphysics and cosmology (Record no. 13110)

MARC details
000 -LEADER
fixed length control field 00646nam a2200205Ia 4500
003 - CONTROL NUMBER IDENTIFIER
control field IN-BaIIA
008 - FIXED-LENGTH DATA ELEMENTS--GENERAL INFORMATION
fixed length control field 211028s9999 xx 000 0 eng d
020 ## - INTERNATIONAL STANDARD BOOK NUMBER
International Standard Book Number 0-7923-4907-5
040 ## - CATALOGING SOURCE
Transcribing agency IIA Library
080 ## - UNIVERSAL DECIMAL CLASSIFICATION NUMBER
Universal Decimal Classification number 524.83
Item number ROY
100 ## - MAIN ENTRY--PERSONAL NAME
Personal name Roy, S
9 (RLIN) 23091
245 #0 - TITLE STATEMENT
Title Statistical geometry and applications to microphysics and cosmology
Statement of responsibility, etc. S. Roy
260 ## - PUBLICATION, DISTRIBUTION, ETC.
Place of publication, distribution, etc. Dordrecht
Name of publisher, distributor, etc. Kluwer Academic
Date of publication, distribution, etc. 1998
300 ## - PHYSICAL DESCRIPTION
Extent xi, 246p.
490 ## - SERIES STATEMENT
Series statement Fundamental theories of physics; v. 92
650 ## - SUBJECT ADDED ENTRY--TOPICAL TERM
Topical term or geographic name entry element Cosmology
650 ## - SUBJECT ADDED ENTRY--TOPICAL TERM
Topical term or geographic name entry element microphysics
9 (RLIN) 23092
650 ## - SUBJECT ADDED ENTRY--TOPICAL TERM
Topical term or geographic name entry element statistical geometry
9 (RLIN) 23093
942 ## - ADDED ENTRY ELEMENTS (KOHA)
Koha item type Books
Holdings
Withdrawn status Lost status Damaged status Not for loan Home library Current library Shelving location Date acquired Source of acquisition Cost, normal purchase price Total Checkouts Full call number Barcode Date last seen Cost, replacement price Price effective from Koha item type Purchase Price
        IIA Library-Bangalore IIA Library-Bangalore General Stacks 04/08/1999 ALL 4114.50   524.83/ ROY 14027 05/11/2021 4114.50 04/08/1999 Books Rs. 4114.50

Powered by Koha